000 01253cab a2200301 i 4500
001 768714001
003 CO-MdFUSB
005 20230112141553.0
008 161116s2007 gt ||||| |||| 00| 0 spa d
022 _a1014-9341
040 _aCO-MdFUSB
_bspa
_cCO-MdFUSB
_dCO-MdFUSB
041 _aspa
100 1 _aGreen, Eugenio
_eautor
245 0 0 _aLa Pax Romana y el día del Señor - 1 Tesalonicenses 5: 1-11
_c/ Eugenio Green
300 _aNúmero 41 (Julio - Diciembre, 2007), páginas 9-27
_c; 22 cm
520 _aLos ciudadanos de Tesalónica apreciaban los beneficios que recibían de los benefactores romanos que vivían allí y del emperador. Por eso el mensaje anti-imperial del evangelio provocó una persecución recia contra la iglesia en la ciudad.
630 0 7 _aBiblia.
_pTesalonicenses, 1ª
_xCrítica, interpretación, etc.
650 7 _9320
_aTeología bíblica
653 _a1 Tesalonicenses
653 _aPax romana
653 _aDía del Señor
653 _aPaz
653 _aSeguridad
653 _aSobrio
773 0 _tKairós
_049489
_961217
_gNúmero 41 (Julio - Diciembre, 2007), páginas 9-27
_qPágina 9
773 0 _tKairós
_049489
_961215
_gNúmero 41 (Julio - Diciembre, 2007), páginas 9-27
_qPágina 9
942 _cANA
999 _c62383
_d62383